Online
Catalog

El drama de la autonomía militar : (Record no. 43603)

MARC details
000 -CABECERA
campo de control de longitud fija 00858nam a2200193 a 4500
001 - NÚMERO DE CONTROL
campo de control 000044114
005 - FECHA Y HORA DE LA ÚLTIMA TRANSACCIÓN
campo de control 20201002045145.0
008 - DATOS DE LONGITUD FIJA--INFORMACIÓN GENERAL
campo de control de longitud fija 140516s1995 sp 000 0 spa d
020 ## - NÚMERO INTERNACIONAL ESTÁNDAR DEL LIBRO
Número Internacional Estándar del Libro 8420694142
040 ## - FUENTE DE LA CATALOGACIÓN
Centro catalogador/agencia de origen DO-SdBNP
Lengua de catalogación spa
Centro/agencia transcriptor BNPHU
100 1# - ENTRADA PRINCIPAL--NOMBRE DE PERSONA
Nombre de persona García, Prudencio
9 (RLIN) 72112
245 13 - MENCIÓN DE TÍTULO
Título El drama de la autonomía militar :
Resto del título Argentina bajo las juntas militares /
Mención de responsabilidad, etc. Prudencio García ; prólogo de Ernesto Sábato.
260 ## - PUBLICACIÓN, DISTRIBUCIÓN, ETC.
Lugar de publicación, distribución, etc. Madrid :
Nombre del editor, distribuidor, etc. Alianza,
Fecha de publicación, distribución, etc. 1995.
300 ## - DESCRIPCIÓN FÍSICA
Extensión 585 p. ;
Dimensiones 24 cm.
500 ## - NOTA GENERAL
Nota general El autor hace un estudio de los origenes sociológicos, causas y efectos del último de los golpes de Estado ocurridos en Argentina, remontándose a los anteriores y sucesivos desde 1930
504 ## - NOTA DE BIBLIOGRAFÍA, ETC.
Nota de bibliografía, etc. Bibliografía : p. 565-585
504 ## - NOTA DE BIBLIOGRAFÍA, ETC.
Nota de bibliografía, etc. Incluye referencias bibliográficas y notas al pie de las páginas
700 12 - PUNTO DE ACCESO ADICIONAL--NOMBRE DE PERSONA
Nombre de persona Sábato, Ernesto,
Término indicativo de función/relación pról.
9 (RLIN) 8788
Holdings
Estado de retiro Estado de pérdida Restricciones de uso No para préstamo Código de colección Localización permanente Ubicación/localización actual Ubicación en estantería Fecha de adquisición Número de inventario Total de préstamos Signatura topográfica completa Código de barras Fecha visto por última vez Precio válido a partir de Tipo de ítem Koha
        Monografías: Libros y Folletos General General Orden iniciada 16.05.2014 LF1   44114-10 25.06.2020 25.06.2020 No se presta

Powered by Koha